Fraudster / (Record no. 89593)

MARC details
000 -LEADER
fixed length control field 00509nam a22001817a 4500
005 - DATE AND TIME OF LATEST TRANSACTION
control field 20141027112134.0
010 ## - LCCN (DPL NO)
LC control number ENG-111045
020 ## - INTERNATIONAL STANDARD BOOK NUMBER
Terms of availability 250.00
International Standard Book Number 9789350098004
035 ## - SYSTEM CONTROL NUMBER
System control number EN-94577
037 ## - SOURCE OF ACQUISITION
Source of stock number/acquisition DBAD/PUB
082 ## - DEWEY DECIMAL CLASSIFICATION NUMBER
Classification number S
100 ## - MAIN ENTRY--PERSONAL NAME
Personal name Raman, R.V.
245 ## - TITLE STATEMENT
Title Fraudster /
Statement of responsibility, etc by R.V. Raman
260 ## - PUBLICATION, DISTRIBUTION, ETC. (IMPRINT)
Place of publication, distribution, etc Gurgaon
Name of publisher, distributor, etc Hachette Book Publishing India
Date of publication, distribution, etc 2014
270 ## - ADDRESS
City Gurgaon
Postal code 122001
Address 4th & 5th Floors, Corporate Centre, Plot No.94, Sector-44
300 ## - PHYSICAL DESCRIPTION
Extent 288p.
Dimensions 22cm(pbk)
942 ## - ADDED ENTRY ELEMENTS (KOHA)
Source of classification or shelving scheme Dewey Decimal Classification
Item type English Books
Call number suffix RAM
Classification part S
Holdings
Withdrawn status Lost status Not for loan Collection code Home library Current library Date acquired Source of acquisition Cost, normal purchase price Full call number Barcode Copy number Cost, replacement price Koha item type
    Not For Loan Non-fiction D.B.Act.Division D.B.Act.Division 24/10/2014 DBAD/PUB 250.00 S RAM EN-94577 1 250.00 English Books

© Delhi Public Library
Hit Counter
free hit counter